[Event "Cappelle-la-Grande 2014"]
[Site "Cappelle-la-Grande (FRA)"]
[Date "????.??.??"]
[Round "2.87"]
[White "Valuet, Bertrand"]
[Black "Caderon, Michel"]
[Result "1-0"]
[WhiteElo "2326"]
[BlackElo "2030"]
[PlyCount "87"]

1. c4 Nf6 2. Nc3 g6 3. e4 d6 4. d4 Bg7 5. Nf3 O-O 6. h3 e5 7. d5 Na6 8. Bd3 c6
9. O-O Qe7 10. Re1 Ne8 11. Rb1 c5 12. a3 f5 13. b4 f4 14. Be2 g5 15. Nd2 Nf6
16. Nb3 b6 17. b5 Nc7 18. a4 Bd7 19. a5 Rfb8 20. Bf1 h5 21. g3 Bh6 22. Re2 Qe8
23. Ra2 Qc8 24. Kh2 Kg7 25. Rba1 Kg6 26. Bd2 Qh8 27. Nc1 Bg7 28. Nd3 Rf8 29.
axb6 axb6 30. Ra7 Rxa7 31. Rxa7 Na8 32. gxf4 gxf4 33. Bxf4 Ng4+ 34. hxg4 hxg4+
35. Kg1 exf4 36. Rxd7 Qh4 37. e5 dxe5 38. Nxe5+ Bxe5 39. Qc2+ Rf5 40. Bd3 f3
41. Bxf5+ Kf6 42. Ne4+ Kxf5 43. Ng3+ Kf4 44. Qf5# 1-0

[Event "Cappelle-la-Grande 2014"]
[Site "Cappelle-la-Grande (FRA)"]
[Date "????.??.??"]
[Round "2.88"]
[White "Le Montagner, Yoann"]
[Black "Giffard, Nicolas"]
[Result "1/2-1/2"]
[WhiteElo "2050"]
[BlackElo "2317"]
[PlyCount "145"]

1. e4 c5 2. Nf3 e6 3. d4 cxd4 4. Nxd4 Nf6 5. Nc3 d6 6. Be2 Be7 7. O-O O-O 8.
Be3 Nc6 9. f4 e5 10. Nb3 a5 11. a4 Nb4 12. Kh1 exf4 13. Bxf4 d5 14. e5 Ne8 15.
Nd4 Nc7 16. Ncb5 Ne6 17. Nxe6 Bxe6 18. c3 Na6 19. Bd3 Nc5 20. Bc2 g6 21. Qe2
Bg5 22. Qe3 Bxf4 23. Rxf4 Qg5 24. Raf1 Rfc8 25. Qd4 Nd7 26. Nd6 Rf8 27. Re1 b6
28. b4 Rad8 29. Rff1 Qe7 30. Nb5 Nb8 31. bxa5 bxa5 32. Qb6 Rc8 33. Qxa5 Qc5 34.
Bd1 Nc6 35. Qa6 Ra8 36. Qb7 Rfc8 37. Nc7 Qe7 38. Qxc6 Qxc7 39. Qxc7 Rxc7 40.
Re3 Ra5 41. Kg1 Rb7 42. Rf4 Rb1 43. Rd4 Rc5 44. Kf2 h5 45. h4 Kf8 46. Bf3 Rb2+
47. Re2 Rb3 48. Ra2 Rbxc3 49. a5 Rc2+ 50. Rxc2 Rxc2+ 51. Kg3 Ra2 52. Bxd5 Ra3+
53. Kf4 Bf5 54. Rb4 Rxa5 55. Bf3 Ra7 56. Rd4 Re7 57. Ra4 Kg7 58. Rb4 Be6 59.
Rb7 Re8 60. Rb4 Rc8 61. Rd4 Rc2 62. Rb4 Rf2 63. Kg3 Rf1 64. Rd4 Kf8 65. Rd1
Rxd1 66. Bxd1 Bd5 67. Be2 Ke7 68. Bf1 Ke6 69. Kf4 f6 70. exf6 Kxf6 71. g3 Bf7
72. Bd3 Be6 73. Bc2 1/2-1/2

[Event "Cappelle-la-Grande 2014"]
[Site "Cappelle-la-Grande (FRA)"]
[Date "????.??.??"]
[Round "2.89"]
[White "Den Hartog, Marijn"]
[Black "Bartel, Michal"]
[Result "1-0"]
[WhiteElo "2034"]
[BlackElo "2316"]
[PlyCount "103"]

1. e4 e5 2. Nf3 Nc6 3. Bb5 a6 4. Ba4 Nge7 5. d4 exd4 6. Nxd4 b5 7. Bb3 Na5 8.
Qe2 g6 9. Nc3 Bg7 10. Nf3 O-O 11. Bg5 h6 12. Bh4 Nxb3 13. cxb3 g5 14. Bg3 d6
15. Nd2 f5 16. f3 fxe4 17. Ndxe4 Nf5 18. O-O d5 19. Nf2 Nxg3 20. hxg3 Qd6 21.
Qd2 Bb7 22. Ne2 Rad8 23. b4 d4 24. Nd3 Bd5 25. a3 Bc4 26. Rae1 Rfe8 27. Nec1
Qxg3 28. Rxe8+ Rxe8 29. Re1 Rf8 30. Qf2 Qd6 31. Qe2 Bf6 32. Qe4 Bf7 33. Qf5 Bg7
34. Qc5 Qg3 35. Re7 g4 36. Qxc7 Qxc7 37. Rxc7 gxf3 38. gxf3 Bd5 39. f4 Re8 40.
Rd7 Bc4 41. Kf2 Re4 42. b3 Be6 43. Rd6 Bf5 44. Ne2 Bg4 45. Ng3 Re3 46. Ne5 Bxe5
47. fxe5 Rxe5 48. Rg6+ Kh7 49. Rxg4 Re3 50. Rxd4 Re6 51. Nh5 Rc6 52. Rg4 1-0

[Event "Cappelle-la-Grande 2014"]
[Site "Cappelle-la-Grande (FRA)"]
[Date "????.??.??"]
[Round "2.90"]
[White "Fuchs, Judith"]
[Black "Tuerlinckx, Ben"]
[Result "1/2-1/2"]
[WhiteElo "2315"]
[BlackElo "2023"]
[PlyCount "131"]

1. e4 Nc6 2. Nf3 d6 3. d4 Nf6 4. Nc3 Bg4 5. Be2 e6 6. h3 Bxf3 7. gxf3 d5 8. e5
Nd7 9. f4 Ne7 10. Bd3 c5 11. Nb5 Nc6 12. dxc5 Nxc5 13. Be3 Nxd3+ 14. Qxd3 a6
15. Nd4 Nxd4 16. Bxd4 g6 17. Rg1 Bh6 18. Rg4 Rc8 19. O-O-O Bf8 20. Kb1 h5 21.
Rg3 Bh6 22. Be3 Rc4 23. b3 Rc8 24. Rdg1 Qe7 25. f5 Bxe3 26. f6 Qc7 27. Rxe3 h4
28. Rg5 b5 29. a3 Qc5 30. Kb2 a5 31. Qc3 Qxc3+ 32. Rxc3 Rxc3 33. Kxc3 Kd7 34.
Kd3 Kc6 35. c3 a4 36. bxa4 bxa4 37. Rg4 Rh5 38. f4 Rh8 39. c4 Kc5 40. cxd5 Kxd5
41. Kc3 Rb8 42. Rxh4 Rb3+ 43. Kc2 Rxa3 44. Rh7 Rf3 45. Rxf7 Rxf4 46. Ra7 Kxe5
47. f7 a3 48. Kd3 a2 49. Ra5+ Kd6 50. Rxa2 Rxf7 51. Ke4 Rf5 52. Rg2 g5 53. Rg4
Ra5 54. Ke3 Ra3+ 55. Ke2 Rxh3 56. Rxg5 e5 57. Rg8 Kd5 58. Ra8 Ke4 59. Ra4+ Kf5
60. Rb4 Ra3 61. Rc4 e4 62. Rc8 Ra2+ 63. Ke3 Ra3+ 64. Ke2 Ra5 65. Rf8+ Ke5 66.
Re8+ 1/2-1/2

[Event "Cappelle-la-Grande 2014"]
[Site "Cappelle-la-Grande (FRA)"]
[Date "????.??.??"]
[Round "2.91"]
[White "Munschi, Serge"]
[Black "Janik, Igor"]
[Result "1/2-1/2"]
[WhiteElo "2309"]
[BlackElo "2020"]
[PlyCount "118"]

1. d4 Nf6 2. c4 g6 3. Nc3 Bg7 4. e4 O-O 5. h3 d6 6. Bg5 c5 7. d5 e6 8. Bd3 exd5
9. cxd5 Re8 10. Nf3 c4 11. Bc2 b5 12. a3 a6 13. O-O Nbd7 14. Re1 Qc7 15. Be3
Bb7 16. Bd4 Ne5 17. Nxe5 dxe5 18. Be3 Rad8 19. Qd2 Nd7 20. Rad1 Nc5 21. d6 Qc6
22. Qd5 Ne6 23. Qxc6 Bxc6 24. Nd5 Bxd5 25. Rxd5 Nd4 26. Bd1 Bf8 27. d7 Re7 28.
Bg5 Rdxd7 29. Bxe7 Rxe7 30. Bg4 a5 31. a4 h5 32. Bd1 Rb7 33. axb5 Bb4 34. Rf1
Rxb5 35. Rxb5 Nxb5 36. Be2 Nd6 37. Rc1 Kg7 38. f3 Bc5+ 39. Kf1 Bd4 40. Rc2 f5
41. Bxc4 fxe4 42. fxe4 Nxe4 43. Ke2 Kf6 44. Bd5 Nc5 45. b3 g5 46. Rc1 e4 47.
Rf1+ Ke5 48. Bc4 Nb7 49. Rf8 Nd6 50. Kd2 a4 51. Ra8 axb3 52. Bxb3 Bc5 53. Ra5
Kd4 54. Ra4+ Ke5 55. Ke2 Nf5 56. Bc2 Ng3+ 57. Ke1 Kf4 58. Rc4 Bb6 59. Ra4 h4
1/2-1/2

[Event "Cappelle-la-Grande 2014"]
[Site "Cappelle-la-Grande (FRA)"]
[Date "????.??.??"]
[Round "2.92"]
[White "Coenen, Michael"]
[Black "Primel, Dominique"]
[Result "1-0"]
[WhiteElo "2308"]
[BlackElo "2018"]
[PlyCount "75"]

1. e4 c5 2. Nf3 e6 3. d4 cxd4 4. Nxd4 a6 5. Nc3 Qc7 6. Be2 Nf6 7. O-O Nc6 8.
Be3 Be7 9. f4 d6 10. Bf3 Bd7 11. Nb3 Rb8 12. Qd2 O-O 13. a3 b6 14. Rae1 Na5 15.
Nxa5 bxa5 16. Rb1 Rfc8 17. Rfe1 Bc6 18. Kh1 Nd7 19. Bd4 e5 20. Bg1 exf4 21. Bg4
f3 22. gxf3 Re8 23. Bxd7 Qxd7 24. Bd4 Qh3 25. Qe3 g6 26. Nd1 Bh4 27. Rg1 f5 28.
Rg2 fxe4 29. Qh6 Rb7 30. Ne3 exf3 31. Rf2 Re5 32. Bxe5 dxe5 33. Rd1 Bd7 34.
Rff1 e4 35. b3 Be7 36. Qf4 Bc5 37. Qxe4 Bxe3 38. Rxf3 1-0

[Event "Cappelle-la-Grande 2014"]
[Site "Cappelle-la-Grande (FRA)"]
[Date "????.??.??"]
[Round "2.93"]
[White "Kalinina, Olga"]
[Black "Ladisic, Alex-Sacha"]
[Result "1-0"]
[WhiteElo "2303"]
[BlackElo "2017"]
[PlyCount "145"]

1. e4 e5 2. Nf3 Nc6 3. Nc3 Nf6 4. a3 Be7 5. d4 d6 6. Bb5 Bd7 7. h3 O-O 8. Be3
a6 9. Bxc6 Bxc6 10. d5 Bd7 11. g4 c5 12. Nd2 b5 13. Qf3 h6 14. Rg1 Nh7 15. Ne2
Bg5 16. Ng3 Qf6 17. Nf5 Bf4 18. Bxf4 exf4 19. O-O-O Ng5 20. Qg2 f3 21. Qg3 Bxf5
22. exf5 Rfe8 23. h4 Ne4 24. Nxe4 Rxe4 25. Qxf3 Qe5 26. Kb1 Re8 27. g5 Rxh4 28.
gxh6 Rxh6 29. Qg4 Qf6 30. Rh1 Re5 31. Rxh6 Qxh6 32. f6 Qxf6 33. Qc8+ Kh7 34.
Rh1+ Kg6 35. Qxa6 Rxd5 36. Rg1+ Kh7 37. Rh1+ Kg6 38. Qxb5 Qxf2 39. Qb3 Rd4 40.
Qh3 f5 41. Rf1 Rh4 42. Qd3 Qd4 43. Qxf5+ Kh6 44. Re1 g6 45. Qf8+ Kg5 46. Qd8+
Kh5 47. Qg8 Kg5 48. Rf1 Rf4 49. Rh1 Rg4 50. Qd8+ Kf5 51. Qd7+ Kg5 52. Qe7+ Kf5
53. Rf1+ Rf4 54. Re1 Qf6 55. Qd7+ Kg5 56. Qh3 Rh4 57. Rg1+ Kh5 58. Qd7 Kh6 59.
Qe8 Rf4 60. Rh1+ Kg5 61. Rg1+ Kh6 62. Rh1+ Kg5 63. Qe2 Rf2 64. Qd3 Qf5 65. Qg3+
Kf6 66. Qxd6+ Kg5 67. Qe7+ Kf4 68. Qh4+ Ke5 69. Re1+ Kd5 70. Qd8+ Kc6 71. Qe8+
Kd5 72. Rd1+ Kc4 73. Qa4# 1-0

[Event "Cappelle-la-Grande 2014"]
[Site "Cappelle-la-Grande (FRA)"]
[Date "????.??.??"]
[Round "2.94"]
[White "Kobayashi, Atsuhiko"]
[Black "Decoster, Frederic"]
[Result "0-1"]
[WhiteElo "2033"]
[BlackElo "2300"]
[PlyCount "174"]

1. d4 d5 2. c4 e6 3. Nc3 c5 4. cxd5 exd5 5. Nf3 Nc6 6. g3 Nf6 7. Bg2 Be7 8. O-O
O-O 9. Bg5 c4 10. Ne5 Be6 11. b3 Qa5 12. Qd2 Rad8 13. bxc4 Nxd4 14. Qxd4 dxc4
15. Qe3 Bc5 16. Qf4 Bd4 17. Nd5 Rxd5 18. Nxc4 Qc5 19. Bxf6 Bxf6 20. Bxd5 Qxd5
21. Ne3 Qd2 22. Rab1 b6 23. a4 Qxe2 24. a5 Bd8 25. Rfd1 h6 26. Qe4 Qa6 27. axb6
Bxb6 28. Nd5 Bc5 29. Rdc1 Bxf2+ 30. Kxf2 Qa2+ 31. Qe2 Qxd5 32. Rd1 Qg5 33. Qe3
Qh5 34. Kg1 a5 35. Ra1 a4 36. Qb6 Qf3 37. Qf2 Qc6 38. Rdc1 Qb5 39. Qc5 Qa6 40.
Qb4 Ra8 41. Rc3 Qa7+ 42. Qc5 Qxc5+ 43. Rxc5 a3 44. Rc3 a2 45. Rc2 Ra3 46. Kf2
Kh7 47. Rd2 g5 48. Rb2 Kg6 49. Rd2 Kf5 50. Kg2 h5 51. Rf1+ Kg6 52. Ra1 h4 53.
Kf2 Kf5 54. Kg2 Kg6 55. Kf2 f5 56. Rb2 f4 57. gxf4 g4 58. Kg1 Kf6 59. Rd2 g3
60. hxg3 hxg3 61. Rb2 Kf5 62. Rb5+ Kg4 63. f5 Bxf5 64. Rb2 Be6 65. Re2 Bg8 66.
Rd2 Kh3 67. Rd6 Bc4 68. Rh6+ Kg4 69. Rg6+ Kf4 70. Rc6 Bd3 71. Rb6 Be4 72. Rb2
Bd5 73. Rb6 Ra8 74. Rf6+ Kg5 75. Rd6 Be4 76. Rd4 Kf4 77. Rb4 Kf5 78. Rf1+ Ke5
79. Ra1 Bd5 80. Rh4 Kd6 81. Rh3 Rb8 82. Rh6+ Kc5 83. Rc1+ Kd4 84. Rh4+ Ke3 85.
Ra4 Rb1 86. Rf1 g2 87. Ra3+ Kd4 0-1

[Event "Cappelle-la-Grande 2014"]
[Site "Cappelle-la-Grande (FRA)"]
[Date "????.??.??"]
[Round "3.14"]
[White "Kohlweyer, Bernd"]
[Black "Azarov, Sergei"]
[Result "1/2-1/2"]
[WhiteElo "2416"]
[BlackElo "2603"]
[PlyCount "79"]

1. c4 e5 2. Nc3 Nf6 3. Nf3 Nc6 4. d4 exd4 5. Nxd4 Bb4 6. Bg5 Bxc3+ 7. bxc3 Ne5
8. f4 Ng6 9. g3 h6 10. Bxf6 Qxf6 11. Bg2 O-O 12. O-O Re8 13. Rb1 c6 14. e4 d6
15. Qd2 Nf8 16. Rfd1 Re7 17. Rb3 g6 18. Nc2 Ne6 19. Rbb1 Re8 20. Ne3 Nc5 21.
Qxd6 Qxd6 22. Rxd6 Nxe4 23. Bxe4 Rxe4 24. Rd8+ Kg7 25. Kf2 b6 26. Rbd1 c5 27.
f5 gxf5 28. Nxf5+ Bxf5 29. Rxa8 Rxc4 30. Rxa7 Rxc3 31. a4 Rc2+ 32. Ke3 Rxh2 33.
Rd6 Rb2 34. Rb7 Rb4 35. Rbxb6 Re4+ 36. Kf2 Rxa4 37. Rd5 Ra2+ 38. Kf3 Ra3+ 39.
Kf4 Be6 40. Rxc5 1/2-1/2

[Event "Cappelle-la-Grande 2014"]
[Site "Cappelle-la-Grande (FRA)"]
[Date "????.??.??"]
[Round "3.15"]
[White "Piscopo, Pierluigi"]
[Black "Vazquez Igarza, Renier"]
[Result "1/2-1/2"]
[WhiteElo "2407"]
[BlackElo "2577"]
[PlyCount "108"]

1. e4 c5 2. Nf3 e6 3. c3 Nf6 4. e5 Nd5 5. g3 d6 6. exd6 Bxd6 7. Bg2 O-O 8. O-O
Nc6 9. d4 cxd4 10. Nxd4 Nxd4 11. Qxd4 Qc7 12. Nd2 Rd8 13. Nc4 Be7 14. Bf4 Nxf4
15. Qxf4 Qxf4 16. gxf4 Rb8 17. Rfd1 Kf8 18. Rxd8+ Bxd8 19. Nd6 Bc7 20. Rd1 Bxd6
21. Rxd6 Ke7 22. Rd4 Bd7 23. Rc4 Kd6 24. Rd4+ Kc7 25. Rc4+ Bc6 26. b4 Kb6 27.
Rd4 Rc8 28. c4 a5 29. c5+ Kc7 30. Bxc6 Kxc6 31. Rd6+ Kc7 32. a3 axb4 33. axb4
Ra8 34. Kg2 Ra3 35. Rb6 Rd3 36. Rb5 h6 37. Rb6 g6 38. Rb5 Rd4 39. Kg3 Rc4 40.
Rb6 Rc3+ 41. Kg2 Ra3 42. Rd6 Rb3 43. Rb6 g5 44. fxg5 hxg5 45. h3 Rd3 46. Rb5
Rd5 47. Rb6 Rf5 48. Kg3 Rf4 49. Kg2 Re4 50. Kf3 Rc4 51. Kg2 Rc3 52. Rd6 Rb3 53.
Rb6 Ra3 54. Rd6 Rb3 1/2-1/2

[Event "Cappelle-la-Grande 2014"]
[Site "Cappelle-la-Grande (FRA)"]
[Date "????.??.??"]
[Round "3.16"]
[White "Bachmann, Axel"]
[Black "Abergel, Thal"]
[Result "1/2-1/2"]
[WhiteElo "2575"]
[BlackElo "2426"]
[PlyCount "102"]

1. Nf3 Nf6 2. d4 e6 3. c4 b6 4. g3 Ba6 5. Qc2 Bb4+ 6. Bd2 Be7 7. e4 Bb7 8. Nc3
O-O 9. Bd3 d6 10. a3 Nfd7 11. h4 e5 12. d5 a5 13. Be2 Nc5 14. Be3 Bc8 15. Nd2
Nba6 16. Rb1 f5 17. b4 axb4 18. axb4 f4 19. gxf4 exf4 20. Bd4 Nd7 21. Nf3 Bf6
22. Nb5 Re8 23. Kf1 Ne5 24. Qd2 Nxf3 25. Bxf3 Bxd4 26. Qxd4 Nb8 27. Qd2 Nd7 28.
Qxf4 Ne5 29. Be2 Bd7 30. Qg5 Bxb5 31. Qxd8 Rexd8 32. cxb5 Rf8 33. Rh3 Rf4 34.
f3 Ra3 35. Kg2 Rc3 36. h5 Kf7 37. Rhh1 Re3 38. Kf2 Ng4+ 39. Kg3 Rfxe4 40. Bd1
Nf6 41. Rc1 Re7 42. h6 gxh6 43. Rxh6 Kg7 44. Rh4 Nxd5 45. Bc2 Nf6 46. Rc4 d5
47. Rc6 Ne8 48. Rh1 Kh8 49. Rch6 Rg7+ 50. Kf2 Ree7 51. Rd1 Rd7 1/2-1/2

[Event "Cappelle-la-Grande 2014"]
[Site "Cappelle-la-Grande (FRA)"]
[Date "????.??.??"]
[Round "3.17"]
[White "Vassallo Barroche, Mauricio"]
[Black "Gurevich, Mikhail"]
[Result "0-1"]
[WhiteElo "2398"]
[BlackElo "2574"]
[PlyCount "44"]

1. Nf3 d5 2. d4 Nf6 3. c4 c6 4. Nc3 e6 5. e3 a6 6. b3 Bb4 7. Bd2 Nbd7 8. Bd3
O-O 9. O-O Bd6 10. Rc1 Re8 11. h3 e5 12. dxe5 Nxe5 13. Nxe5 Rxe5 14. cxd5 cxd5
15. Ne2 Bd7 16. Bc3 Re8 17. Nd4 Ne4 18. Bb2 Qh4 19. Nf3 Qh6 20. Bxe4 dxe4 21.
Ng5 Rad8 22. Qd5 Be6 0-1

[Event "Cappelle-la-Grande 2014"]
[Site "Cappelle-la-Grande (FRA)"]
[Date "????.??.??"]
[Round "3.18"]
[White "Kovacevic, Aleksandar"]
[Black "Bykhovsky, Avigdor"]
[Result "1-0"]
[WhiteElo "2572"]
[BlackElo "2421"]
[PlyCount "73"]

1. e4 c6 2. d4 d5 3. e5 Bf5 4. Nf3 e6 5. Be2 Nd7 6. O-O Ne7 7. Nbd2 h6 8. Nb3
Bh7 9. Bd2 Ng6 10. c4 dxc4 11. Bxc4 Be7 12. Rc1 O-O 13. g3 Nb6 14. Bd3 Qd7 15.
h4 Rfd8 16. Ba5 Nf8 17. Bxh7+ Nxh7 18. Nfd2 Qd5 19. Qe2 Rd7 20. Ne4 Qb5 21.
Qxb5 cxb5 22. Bxb6 axb6 23. a3 f5 24. Nc3 b4 25. axb4 Bxb4 26. Nb5 Nf8 27. Rc4
Be7 28. Ra1 Rxa1+ 29. Nxa1 Bd8 30. Nc2 Ng6 31. h5 Ne7 32. Nb4 Kf8 33. Kg2 Nd5
34. Nxd5 Rxd5 35. Nd6 b5 36. Rc8 Ke7 37. Rb8 1-0

[Event "Cappelle-la-Grande 2014"]
[Site "Cappelle-la-Grande (FRA)"]
[Date "????.??.??"]
[Round "3.19"]
[White "Burmakin, Vladimir"]
[Black "Kanmazalp, Ogulcan"]
[Result "1-0"]
[WhiteElo "2568"]
[BlackElo "2416"]
[PlyCount "69"]

1. Nf3 Nf6 2. c4 g6 3. b3 Bg7 4. Bb2 O-O 5. g3 d6 6. d4 Nbd7 7. Bg2 e5 8. dxe5
Ng4 9. O-O Ngxe5 10. Nc3 Re8 11. Qd2 Nc5 12. Rad1 Nxf3+ 13. Bxf3 a5 14. Nd5 Be6
15. Bxg7 Kxg7 16. Qd4+ f6 17. Nc3 Bd7 18. Rfe1 Bc6 19. e4 Qe7 20. Bg2 Qe5 21.
Qd2 f5 22. Nd5 Bxd5 23. exd5 Qf6 24. Rxe8 Rxe8 25. Qxa5 b6 26. Qd2 Ne4 27. Bxe4
Rxe4 28. Re1 Qe5 29. Rxe4 Qxe4 30. Qe3 Qb1+ 31. Kg2 Qxa2 32. Qe7+ Kh6 33. Qf8+
Kh5 34. Qg7 h6 35. Qe7 1-0

[Event "Cappelle-la-Grande 2014"]
[Site "Cappelle-la-Grande (FRA)"]
[Date "????.??.??"]
[Round "3.20"]
[White "Petkov, Vladimir"]
[Black "Skytte, Rasmus"]
[Result "1-0"]
[WhiteElo "2566"]
[BlackElo "2418"]
[PlyCount "73"]

1. d4 Nf6 2. c4 c5 3. d5 b5 4. cxb5 a6 5. e3 g6 6. Nc3 Bg7 7. Nh3 O-O 8. Nf4
Bb7 9. bxa6 Nxa6 10. Bc4 Nb4 11. O-O d6 12. a3 Nd7 13. e4 Ba6 14. Be2 Bxe2 15.
Ncxe2 Nb6 16. Qb3 Na6 17. Bd2 Qc7 18. Bc3 Bh6 19. Qc2 Qd7 20. b3 Nc7 21. Bb2
Rfb8 22. a4 Ne8 23. Rfd1 c4 24. bxc4 Nxc4 25. Bd4 Rc8 26. Qb3 Nf6 27. f3 Rab8
28. Qa2 g5 29. Nd3 g4 30. Ng3 Ne3 31. Bxe3 Bxe3+ 32. Kh1 e6 33. dxe6 Qxe6 34.
Nf5 gxf3 35. gxf3 Nxe4 36. Qxe6 fxe6 37. Nxe3 1-0

[Event "Cappelle-la-Grande 2014"]
[Site "Cappelle-la-Grande (FRA)"]
[Date "????.??.??"]
[Round "3.21"]
[White "Spraggett, Kevin"]
[Black "Roeder, Matthias"]
[Result "1-0"]
[WhiteElo "2557"]
[BlackElo "2416"]
[PlyCount "37"]

1. e4 c5 2. Nf3 d6 3. Bc4 Nf6 4. Qe2 Nc6 5. h3 a6 6. d3 e6 7. Bb3 Na5 8. O-O
Be7 9. Re1 b6 10. c4 Nxb3 11. axb3 Bb7 12. Nc3 O-O 13. Bf4 Re8 14. Bh2 b5 15.
Rad1 Qa5 16. Qc2 Rac8 17. e5 Bxf3 18. Ra1 Qb6 19. exf6 1-0

[Event "Cappelle-la-Grande 2014"]
[Site "Cappelle-la-Grande (FRA)"]
[Date "????.??.??"]
[Round "3.22"]
[White "Brodsky, Michail"]
[Black "Berzinsh, Roland"]
[Result "1-0"]
[WhiteElo "2554"]
[BlackElo "2408"]
[PlyCount "81"]

1. c4 e5 2. Nc3 Nc6 3. Nf3 Nf6 4. g3 Nd4 5. Bg2 Nxf3+ 6. Bxf3 Bc5 7. O-O a6 8.
e3 O-O 9. d4 exd4 10. exd4 Ba7 11. Re1 d6 12. Bf4 Rb8 13. b4 h6 14. Qd2 Bf5 15.
Rad1 Qd7 16. c5 Bg6 17. Kg2 Kh7 18. h3 Nh5 19. Be3 Nf6 20. d5 Ra8 21. Bd4 Qd8
22. Qf4 Nh5 23. Qc1 Nf6 24. Ne2 b6 25. Nf4 bxc5 26. bxc5 Bxc5 27. Bxc5 dxc5 28.
Qxc5 Qd6 29. Rc1 Rfe8 30. Qa5 Rxe1 31. Qxe1 Re8 32. Qa5 Be4 33. Qxc7 Bxf3+ 34.
Kxf3 Qa3+ 35. Kg2 Kg8 36. d6 Qa4 37. Qc6 Re4 38. Nd5 Nd7 39. Qa8+ Kh7 40. Ne7
Nf6 41. Rc8 1-0

[Event "Cappelle-la-Grande 2014"]
[Site "Cappelle-la-Grande (FRA)"]
[Date "????.??.??"]
[Round "3.23"]
[White "Loiseau, Quentin"]
[Black "Kharitonov, Alexandr"]
[Result "0-1"]
[WhiteElo "2388"]
[BlackElo "2554"]
[PlyCount "56"]

1. d4 Nf6 2. c4 e6 3. g3 Bb4+ 4. Bd2 Bxd2+ 5. Qxd2 O-O 6. Bg2 d6 7. e3 e5 8.
Ne2 c6 9. Nbc3 Bg4 10. f3 Be6 11. d5 cxd5 12. cxd5 Bd7 13. g4 e4 14. h3 exf3
15. Bxf3 Bc8 16. Nd4 Nfd7 17. O-O-O Ne5 18. Be4 Nbd7 19. Rdg1 Nc5 20. g5 Bd7
21. h4 Rc8 22. Kb1 Re8 23. Qg2 Nc4 24. Bxh7+ Kh8 25. g6 Nxe3 26. Qf3 Re5 27.
Qxf7 Bf5+ 28. Nxf5 Rxf5 0-1

[Event "Cappelle-la-Grande 2014"]
[Site "Cappelle-la-Grande (FRA)"]
[Date "????.??.??"]
[Round "3.24"]
[White "Clery, Nicolas"]
[Black "Djukic, Nikola"]
[Result "1/2-1/2"]
[WhiteElo "2355"]
[BlackElo "2551"]
[PlyCount "87"]

1. d4 Nf6 2. c4 g6 3. Nc3 Bg7 4. e4 d6 5. Nf3 O-O 6. Be2 e5 7. Be3 Ng4 8. Bg5
f6 9. Bh4 g5 10. Bg3 Nh6 11. c5 g4 12. Nh4 Nc6 13. cxd6 cxd6 14. dxe5 fxe5 15.
O-O Nd4 16. Bc4+ Kh8 17. Ne2 Nxe2+ 18. Bxe2 Bf6 19. Nf5 Nxf5 20. exf5 Bxf5 21.
Bxg4 Bxg4 22. Qxg4 Qb6 23. Rad1 Rad8 24. Qc4 Qc6 25. Qd5 Bg5 26. Rfe1 Qxd5 27.
Rxd5 Kg7 28. f3 Kf7 29. Kf1 a6 30. Red1 Ke6 31. Ke2 Be7 32. Be1 Rc8 33. Bc3 Rc4
34. g3 Rfc8 35. f4 Rf8 36. R1d3 exf4 37. Rh5 Rf7 38. gxf4 Rcxf4 39. Re3+ Kd7
40. Reh3 Rf2+ 41. Kd1 b5 42. Rxh7 Rxh7 43. Rxh7 Ke6 44. a3 1/2-1/2

[Event "Cappelle-la-Grande 2014"]
[Site "Cappelle-la-Grande (FRA)"]
[Date "????.??.??"]
[Round "3.25"]
[White "Szabo, Gergely-Andras-Gyul"]
[Black "Yagupov, Igor"]
[Result "1/2-1/2"]
[WhiteElo "2551"]
[BlackElo "2393"]
[PlyCount "57"]

1. e4 c5 2. c3 d5 3. exd5 Qxd5 4. d4 e6 5. Nf3 Nf6 6. Na3 Nc6 7. Nb5 Qd8 8.
dxc5 Bxc5 9. Qxd8+ Kxd8 10. b4 Bb6 11. Nd6 Ke7 12. Nc4 Ne4 13. b5 Bxf2+ 14. Ke2
Nd8 15. Ng5 Nxg5 16. Ba3+ Kf6 17. Kxf2 Kg6 18. h4 Ne4+ 19. Kf3 f5 20. Bd3 Nf7
21. Bxe4 fxe4+ 22. Kxe4 h5 23. Rad1 b6 24. Ke3 e5 25. Nd6 Be6 26. Nxf7 Kxf7 27.
Rhf1+ Kg8 28. Rd6 Rh6 29. Bb4 1/2-1/2

[Event "Cappelle-la-Grande 2014"]
[Site "Cappelle-la-Grande (FRA)"]
[Date "????.??.??"]
[Round "3.26"]
[White "Gajek, Radoslaw"]
[Black "Miezis, Normunds"]
[Result "1/2-1/2"]
[WhiteElo "2270"]
[BlackElo "2548"]
[PlyCount "131"]

1. e4 c5 2. Nf3 e6 3. d4 cxd4 4. Nxd4 a6 5. c4 Nf6 6. Nc3 Bb4 7. Qc2 Qc7 8. a3
Bc5 9. Nb3 Ba7 10. Be2 Nc6 11. f4 d6 12. Bd2 Bd7 13. O-O-O Nd4 14. Nxd4 Bxd4
15. g4 Bc6 16. g5 Nd7 17. Nd5 exd5 18. exd5 Bxd5 19. cxd5 Qb6 20. Bg4 Kd8 21.
Bxd7 Kxd7 22. Kb1 Rhc8 23. Qa4+ Ke7 24. Rhe1+ Kf8 25. Qb4 Re8 26. Bc3 Qxb4 27.
Bxb4 Bc5 28. Bxc5 dxc5 29. Re5 b6 30. Rd3 Rad8 31. Kc2 Rd6 32. Kc3 b5 33. Rxe8+
Kxe8 34. b4 c4 35. Re3+ Kd7 36. Kd4 Rb6 37. a4 h6 38. axb5 axb5 39. Kc5 Rb8 40.
gxh6 gxh6 41. d6 Re8 42. Ra3 Rc8+ 43. Kd5 c3 44. Ra7+ Kd8 45. Rxf7 Rc4 46. Rf8+
Kd7 47. Rf7+ Ke8 48. Re7+ Kd8 49. Re1 Rxb4 50. Kc5 Rxf4 51. Kxb5 c2 52. Rc1 Rf2
53. h4 Kd7 54. Kc5 h5 55. Kd4 Kxd6 56. Kd3 Rh2 57. Rxc2 Rxh4 58. Ke3 Rg4 59.
Kf3 Rg5 60. Kf4 Rd5 61. Re2 Rd1 62. Kg5 Rh1 63. Re4 Kd5 64. Rh4 Rxh4 65. Kxh4
Ke5 66. Kxh5 1/2-1/2

[Event "Cappelle-la-Grande 2014"]
[Site "Cappelle-la-Grande (FRA)"]
[Date "????.??.??"]
[Round "3.27"]
[White "Collas, Silvia"]
[Black "Malakhatko, Vadim"]
[Result "1/2-1/2"]
[WhiteElo "2260"]
[BlackElo "2547"]
[PlyCount "86"]

1. c4 Nf6 2. g3 c6 3. Nf3 d5 4. b3 Bg4 5. Bb2 Bxf3 6. exf3 g6 7. Bg2 Bg7 8. O-O
O-O 9. f4 e6 10. d3 Ne8 11. Bxg7 Kxg7 12. Nd2 a5 13. a3 Nd7 14. Nf3 Nd6 15. Qc2
Qf6 16. Bh3 Rfc8 17. Rfe1 Nc5 18. Ne5 a4 19. b4 Nb3 20. Rab1 Rd8 21. Qb2 h5 22.
Rbd1 Nc8 23. c5 d4 24. Nc4 Ne7 25. Nb6 Ra6 26. Bg2 Rxb6 27. cxb6 Nc8 28. b5
cxb5 29. Bxb7 Nxb6 30. Bc6 e5 31. Bxb5 exf4 32. Qe2 Rd5 33. Qe8 h4 34. Bc6 Rg5
35. Qe7 hxg3 36. Qxf6+ Kxf6 37. Re4 gxh2+ 38. Kxh2 Rc5 39. Be8 g5 40. Kh3 Rc7
41. Kg4 Ra7 42. Rde1 Nd5 43. Re5 Ne3+ 1/2-1/2

[Event "Cappelle-la-Grande 2014"]
[Site "Cappelle-la-Grande (FRA)"]
[Date "????.??.??"]
[Round "3.28"]
[White "Maze, Sebastien"]
[Black "Berg, Klaus"]
[Result "1-0"]
[WhiteElo "2545"]
[BlackElo "2389"]
[PlyCount "71"]

1. e4 c6 2. Nc3 d5 3. Nf3 Bg4 4. h3 Bh5 5. d4 e6 6. Bd3 Nf6 7. e5 Nfd7 8. g4
Bg6 9. Ne2 c5 10. c3 Nc6 11. a3 Be7 12. Nf4 Qb6 13. Nxg6 hxg6 14. Bc2 Rc8 15.
Kf1 Qc7 16. Kg2 b5 17. Bd3 a6 18. a4 c4 19. axb5 axb5 20. Bb1 b4 21. h4 Nb6 22.
Ng5 Ra8 23. Rxa8+ Nxa8 24. Qf3 Nd8 25. cxb4 Bxb4 26. h5 gxh5 27. Rxh5 Rxh5 28.
gxh5 Qa7 29. Be3 Be7 30. Nh7 Qa1 31. Bc2 Nb6 32. Nf6+ gxf6 33. h6 Bf8 34. h7
Qxb2 35. Ba4+ Nxa4 36. h8=Q 1-0

[Event "Cappelle-la-Grande 2014"]
[Site "Cappelle-la-Grande (FRA)"]
[Date "????.??.??"]
[Round "3.29"]
[White "Lyell, Mark"]
[Black "Heberla, Bartlomiej"]
[Result "0-1"]
[WhiteElo "2205"]
[BlackElo "2544"]
[PlyCount "75"]

1. e4 e6 2. d4 d5 3. Nc3 Nf6 4. e5 Nfd7 5. f4 c5 6. Nf3 Nc6 7. Be3 Rb8 8. Qd2
Qa5 9. a4 Qb4 10. Bb5 a6 11. Bxc6 bxc6 12. a5 cxd4 13. Nxd4 Qb7 14. Na4 c5 15.
Nf3 d4 16. Bf2 Qe4+ 17. Kd1 Bb7 18. Re1 Qg6 19. Nh4 Qh5+ 20. Qe2 Qh6 21. Qg4
Be7 22. Ra3 g5 23. fxg5 Qxg5 24. Rg3 Qxg4+ 25. Rxg4 h5 26. Rge4 Bxe4 27. Rxe4
Rg8 28. b3 Rg4 29. Rxg4 hxg4 30. Nb2 Nxe5 31. Bg3 Bxh4 32. Bxe5 Rd8 33. Nc4 Rd5
34. Ke2 Bd8 35. Bg3 f6 36. Kd3 Kd7 37. Ke4 f5+ 38. Kd3 0-1